| 000 | 01216cam a22003377a 4500 | ||
|---|---|---|---|
| 003 | CHAP | ||
| 005 | 20220329143751.0 | ||
| 008 | 110729s1998 ne a r 00010 eng d | ||
| 010 | _a101653 | ||
| 011 | _a102625 | ||
| 020 | _a0792381181 | ||
| 035 | _a113314 | ||
| 040 | _cCHAP | ||
| 082 | 1 | 0 |
_a574.8 _bB52 |
| 245 | 0 | 0 |
_aBioenergetics of the cell : _bquantitative aspects _c/editado por Valdur A. Saks ...[et al.] |
| 260 |
_aDordrecht, The Netherlands : _bKluwer Academic Publishers, _c1998 |
||
| 300 |
_a460 p. : _bilus., cuadros., gráfs. |
||
| 490 | 0 |
_aDevelopments in molecular and cellular biochemistry _v; 24 |
|
| 590 |
_aBATCH-UPD _b10 _c20130110 _lUCH01 _h1018 |
||
| 590 |
_aBATCH-UPD _b10 _c20130410 _lUCH01 _h0624 |
||
| 590 |
_aBATCH-UPD _b10 _c20130914 _lUCH01 _h1208 |
||
| 590 |
_aCONVERSION _b10 _c20130109 _lUCH01 _h1356 |
||
| 650 | 1 | 4 |
_aMetabolismo celular. _975150 |
| 650 | 1 | 4 |
_aMitocondria. _976247 |
| 650 | 1 | 4 |
_aModelos matemáticos. _976419 |
| 700 | 1 |
_aSaks, Valdura _e, ed. _9101241 |
|
| 830 | 0 |
_aDevelopments in molecular and cellular biochemistry _v; 24 _932287 |
|
| 901 | _aBK | ||
| 942 | _cLIBRO | ||
| 949 |
_a574.8 B54 _bBC _cLIBRO _d33724002245462 _eLIBRO _gI.25822 _h115379 _i113314 _sb _t$5,498.22 |
||
| 999 |
_c101653 _d101653 |
||